Normal view MARC view

Entry Meeting Name

Number of records used in: 1

001 - CONTROL NUMBER

  • control field: 26006

003 - CONTROL NUMBER IDENTIFIER

  • control field: OSt

005 - DATE AND TIME OF LATEST TRANSACTION

  • control field: 20211105135008.0

008 - FIXED-LENGTH DATA ELEMENTS

  • fixed length control field: 211105|| aca||aabn | a|a d

040 ## - CATALOGING SOURCE

  • Original cataloging agency: OSt
  • Transcribing agency: OSt

111 ## - HEADING--MEETING NAME

  • Meeting name or jurisdiction name as entry element: 20th Anniversary of the VLA
  • Location of meeting: New Mexico, U.S.A.
  • Date of meeting or treaty signing: 2000 May 21-14

670 ## - SOURCE DATA FOUND

  • Source citation: Work cat.: (OSt): 20th Anniversary of the VLA New Mexico, U.S.A. 2000 May 21-14, Gas and galaxy evolution, 2001

Powered by Koha